|
|
|
|
| LEADER |
00755nas a2200169 i 4500 |
| 001 |
acta37032 |
| 005 |
20210915112331.0 |
| 008 |
161201s1989 hu o 0|| hun d |
| 040 |
|
|
|a SZTE Egyetemi Kiadványok Repozitórium
|b hun
|
| 041 |
|
|
|a hun
|
| 245 |
0 |
0 |
|a Acta Philosophica Tomus XXX.
|h [elektronikus dokumentum]
|
| 260 |
|
|
|c 1989
|
| 300 |
|
|
|a 63
|
| 490 |
0 |
|
|a Acta Universitatis Szegediensis : sectio philosophica
|v 30
|
| 695 |
|
|
|a Filozófia - tanulmányok, Filozófiai antropológia - tanulmányok, Filozófia - marxista - olasz - 1919-1937 - tanulmány, Munka filozófiája - Hegel és Marx, Logikai pozitivizmus és pragmatizmus - 1934-1935
|
| 700 |
0 |
1 |
|a Horuczi László
|
| 856 |
4 |
0 |
|u http://acta.bibl.u-szeged.hu/37032/1/philosophica_030.pdf
|z Dokumentum-elérés
|